Communal Riots in India (Record no. 10367)

MARC details
000 -LEADER
fixed length control field 00645nam a2200253 a 4500
020 ## - INTERNATIONAL STANDARD BOOK NUMBER
ISBN 8171692
082 00 - DEWEY DECIMAL CLASSIFICATION NUMBER
Classification number 303.623
Author Cutter KUM
100 ## - MAIN ENTRY--AUTHOR NAME
Author name Kumar, Akhilesh
245 ## - TITLE STATEMENT
Title Communal Riots in India
Sub title Social and Economic Aspects
260 ## - PUBLICATION, DISTRIBUTION, ETC. (IMPRINT)
Place of publication Delhi
Name of publisher Commenwealth Pub
Year of publication 1991
300 ## - PHYSICAL DESCRIPTION
Number of Pages 163p
500 ## - GENERAL NOTE
General note includes index and biblioraphy
505 2# - FORMATTED CONTENTS NOTE
Formatted contents note Index
650 ## - SUBJECT ADDED ENTRY--TOPICAL TERM
Topical Term Riots-India
650 ## - SUBJECT ADDED ENTRY--TOPICAL TERM
Topical Term Communalism-India
942 ## - ADDED ENTRY ELEMENTS (KOHA)
Koha item type Books
700 1# -
-- Kumar, Akhilesh
Holdings
Collection code Home library Current library Date acquired Cost, normal purchase price Full call number Accession Number Koha item type
  Henry Martyn Institute Library Henry Martyn Institute Library 01/10/2011 180.00 303.623 KUM 015563 Books
                   Copyright © 2026 | Henry Martyn Institute | Hyderabad | TS-500052 | INDIA | Implemented by hmi.edu.in
Hit-Count:

Powered by Koha